Poľnohospodárstvo v strate aj po reforme

Komplexný pohľad na ekonomicko-finančné výsledky hospodárenia poľnohospodárskych podnikov na Slovensku za rok 2003. Základné ekonomické ukazovatele podnikov poľnohospodárskej prvovýroby za rok 2003 v porovnaní s rokom 2002. Porovnanie hospodárskych výsledkov podľa krajov a podľa veľkosti podnikov za...

Ausführliche Beschreibung

Gespeichert in:
Bibliographische Detailangaben
1. Verfasser: Chrastinová, Zuzana
Format: Buchkapitel
Sprache:Slowakisch
Schlagworte:
Tags: Tag hinzufügen
Keine Tags, Fügen Sie das erste Tag hinzu!

MARC

LEADER 00000naa$a2200000$$$4500
001 0017750
005 20231004124558.2
041 0 |a slo 
044 |a SK 
245 1 0 |a Poľnohospodárstvo v strate aj po reforme  |c aut. Zuzana Chrastinová 
520 |a Komplexný pohľad na ekonomicko-finančné výsledky hospodárenia poľnohospodárskych podnikov na Slovensku za rok 2003. Základné ekonomické ukazovatele podnikov poľnohospodárskej prvovýroby za rok 2003 v porovnaní s rokom 2002. Porovnanie hospodárskych výsledkov podľa krajov a podľa veľkosti podnikov za rok 2003 s rokom 2002. Grafické znázornenie vývoja ekonomických ukazovateľov za roky 1995 - 2003. 
610 2 0 |a poľnohospodárstvo 
610 2 0 |a reformy poľnohospodárske 
610 2 0 |a hospodárenie finančné 
610 2 0 |a poistenie poľnohospodárske 
610 2 0 |a výnosy 
610 2 0 |a náklady prevádzkové 
610 2 0 |a náklady úhrnné 
610 2 0 |a hodnota pridaná ekonomická 
610 2 0 |a produktivita práce 
610 2 0 |a aktíva 
610 2 0 |a kapitál 
610 2 0 |a investície 
610 2 0 |a podnik poľnohospodársky 
610 2 0 |a osoby fyzické 
610 2 0 |a osoby právnické 
610 2 0 |a Slovensko 
610 2 0 |a tržby 
610 2 0 |a 2003 
100 1 |a Chrastinová, Zuzana